Πρόταση σχεδιασμού διαδικτυακής εικονικής έκθεσης για το φανταστικό κινηματογράφο : μεταπτυχιακή διατριβή

Αποθηκεύτηκε σε:
Λεπτομέρειες βιβλιογραφικής εγγραφής
Κύριος συγγραφέας: Σταματούκος, Ιωάννης
Συγγραφή απο Οργανισμό/Αρχή: Πανεπιστήμιο Αιγαίου. Σχολή Κοινωνικών Επιστημών. Τμήμα Πολιτισμικής Τεχνολογίας και Επικοινωνίας. Πρόγραμμα Μεταπτυχιακών Σπουδών Πολιτισμική Πληροφορική και Επικοινωνία
Άλλοι συγγραφείς: Σαμπανίκου, Εύη Δημ., 1965- (Εισηγητής διατριβής)
Μορφή: Thesis Βιβλίο
Γλώσσα:Greek
Δημοσίευση: 2005
Θέματα:
Διαθέσιμο Online:http://hdl.handle.net/11610/16010
Ετικέτες: Προσθήκη ετικέτας
Δεν υπάρχουν, Καταχωρήστε ετικέτα πρώτοι!

MARC

LEADER 00000cam a2200000 i 4500
001 1/26327
008 060316s2005 gre d
035 |l 10083132 
040 |a GR-MY-UA  |b gre  |e aacr 
041 0 |a gre 
082 0 |a 791.4  |2 (22) 
100 1 |a Σταματούκος, Ιωάννης. 
245 1 0 |a Πρόταση σχεδιασμού διαδικτυακής εικονικής έκθεσης για το φανταστικό κινηματογράφο :  |b μεταπτυχιακή διατριβή /  |c Σταματούκος Ιωάννης ; υπεύθυνη καθηγήτρια Σαμπανίκου Ευαγγελία 
260 |c 2005 
300 |a 105 σ.;  |b εικ.;  |c 30 εκ. 
500 |a Μέλη εξεταστικής επιτροπής: Κάουα Αβραάμ, Καβακλή Ευαγγελία 
502 |a Διατριβή (μεταπτυχιακή) – Πανεπιστήμιο Αιγαίου, Λέσβος, 2005. 
504 |a Βιβλιογραφία: σ. 101-105 
650 0 0 |a Virtual museums. 
650 0 0 |a Web site development. 
650 0 0 |a Science fiction films. 
650 0 0 |a Fantasy films. 
650 0 0 |a Dissertations, Academic  |z Greece. 
700 1 |4 ths  |a Σαμπανίκου, Εύη Δημ.,   |d 1965- 
710 2 |a Πανεπιστήμιο Αιγαίου.   |b Σχολή Κοινωνικών Επιστημών.   |b Τμήμα Πολιτισμικής Τεχνολογίας και Επικοινωνίας.   |b Πρόγραμμα Μεταπτυχιακών Σπουδών Πολιτισμική Πληροφορική και Επικοινωνία. 
852 |a INST  |b LESVOS  |c DIATR  |e 20060316  |h 33  |p 005100035573  |q 005100035573  |t MTXE  |y 23 
852 |a INST  |b LESVOS  |c DIATR  |e 20060316  |h 34  |p 005100035549  |q 005100035549  |t MTXE  |y 23 
856 |u http://hdl.handle.net/11610/16010 
901 |a BIBL1-2006-1 
909 |a Λ  |b 120889 
909 |a Λ  |b 120890 
924 |a ΣΤΑΜΑΤΟΥΚΟΣ  |b ΙΩΑΝΝΗΣ  |y ΛΕΣΒΟΣ  |z 2005 
970 |a ΜΑΡΙΝΑΤΟΥ  |b ΜΥΡΣΙΝΗ  |z 2006/03/16